| 000 | 00431nam a2200145 4500 | ||
|---|---|---|---|
| 001 | 131997 | ||
| 003 | ES-MaACL | ||
| 007 | t| | ||
| 008 | 070214q1930 sp r ||||1| spa d | ||
| 100 | 1 |
_aRoig y Bergadá, José. _999025 |
|
| 245 | 1 | 0 |
_aDoctrina liberal y democrática _b: artículos periodísticos / _cJosé Roig y Bergadá. |
| 260 |
_aBarcelona : _bHagsa, _c[1930?] |
||
| 300 |
_a330 p. ; _c20 cm. |
||
| 852 |
_aES-MaACL _jB-9057 |
||
| 999 |
_c131997 _d131997 |
||